000 05732nam a22004097a 4500
005 20101007142444.0
010 _aB-392292-306
020 _a8172013485
_c75.00
035 _aB-392292-306
037 _bनार्थ इंडिया पुब्लिशेर्स/ PUB
082 _a808.88
245 _aसुभाषित संग्रह /
_cवे. राघवन् द्वारा संपादित; राममूर्ति त्रिपाठी द्वारा अनुदित
260 _aनई दिल्ली
_bप्रभात प्रकाशन
_c2009
270 _a4/19 आसफ अली रोड
_bनई दिल्ली
_e110002
300 _aभा-1(192पृ)
_c22सेमी (सजिल्द)
490 _aसाहित्य रत्नकोष
_923515
500 _aप्रथम भाग
700 _aराघवन्, वे.
_923161
700 _aत्रिपाठी, राममूर्ति
_923162
942 _2ddc
_cHN
_mसुभाषि
_h808.88
999 _c34025
_d34025